Be ready when the luck happens : (Record no. 402709)
[ view plain ]
| 000 -LEADER | |
|---|---|
| fixed length control field | 01644nam a2200349 i 4500 |
| 001 - CONTROL NUMBER | |
| control field | in902878348 |
| 005 - DATE AND TIME OF LATEST TRANSACTION | |
| control field | 20241220092923.0 |
| 008 - FIXED-LENGTH DATA ELEMENTS--GENERAL INFORMATION | |
| fixed length control field | 240805s2024 nyua d 000 0aeng d |
| 020 ## - INTERNATIONAL STANDARD BOOK NUMBER | |
| International Standard Book Number | 9798217014255 |
| Qualifying information | (paperback ; |
| -- | large print) |
| 040 ## - CATALOGING SOURCE | |
| Original cataloging agency | TnLvILS |
| Language of cataloging | eng |
| Description conventions | rda |
| Transcribing agency | TnLvILS |
| 043 ## - GEOGRAPHIC AREA CODE | |
| Geographic area code | n-us--- |
| 092 ## - LOCALLY ASSIGNED DEWEY CALL NUMBER (OCLC) | |
| Classification number | general nonfiction |
| Item number | 92 Garten, Ina |
| 100 1# - MAIN ENTRY--PERSONAL NAME | |
| Personal name | Garten, Ina, |
| Relator term | author. |
| 9 (RLIN) | 47161 |
| 245 10 - TITLE STATEMENT | |
| Title | Be ready when the luck happens : |
| Remainder of title | a memoir / |
| Statement of responsibility, etc | Ina Garten. |
| 246 3# - VARYING FORM OF TITLE | |
| Title proper/short title | Be ready when luck happens : |
| Remainder of title | a memoir. |
| 250 ## - EDITION STATEMENT | |
| Edition statement | Large print edition. |
| 264 #1 - Production, Publication, Distribution, Manufacture, and Copyright Notice. | |
| Place of production, publication, distribution, manufacture | New York : |
| Name of producer, publisher, distributor, manufacturer | Random House Large Print Publishing, |
| Date of production, publication, distribution, manufacture, or copyr | 2024. |
| 264 #4 - Production, Publication, Distribution, Manufacture, and Copyright Notice. | |
| Date of production, publication, distribution, manufacture, or copyr | ©2024. |
| 300 ## - PHYSICAL DESCRIPTION | |
| Extent | 416 pages (large print) : |
| Other physical details | illustrations ; |
| Dimensions | 24 cm. |
| 336 ## - Content Type | |
| Content type term | text |
| 337 ## - Media type | |
| Media type term | unmediated |
| 338 ## - Carrier type | |
| Carrier type term | volume |
| 520 ## - SUMMARY, ETC. | |
| Summary, etc | "Ina Garten, the author of thirteen bestselling cookbooks, beloved Food Network personality, Instagram sensation, and the cultural icon whose face has launched a thousand memes, shares her personal story with readers hungry for a seat at her table"-- |
| 600 10 - SUBJECT ADDED ENTRY--PERSONAL NAME | |
| Personal name | Garten, Ina. |
| 9 (RLIN) | 47161 |
| 650 #0 - SUBJECT ADDED ENTRY--TOPICAL TERM | |
| Topical term or geographic name as entry element | Cooks |
| Geographic subdivision | United States |
| Form subdivision | Biography. |
| 9 (RLIN) | 6368763 |
| 650 #0 - SUBJECT ADDED ENTRY--TOPICAL TERM | |
| Topical term or geographic name as entry element | Food writers |
| Geographic subdivision | United States |
| Form subdivision | Biography. |
| 9 (RLIN) | 6367528 |
| 650 #0 - SUBJECT ADDED ENTRY--TOPICAL TERM | |
| Topical term or geographic name as entry element | Large type books. |
| 655 #7 - INDEX TERM--GENRE/FORM | |
| Genre/form data or focus term | Large print books. |
| Source of term | lgcft. |
| 9 (RLIN) | 5777956 |
| 655 #7 - INDEX TERM--GENRE/FORM | |
| Genre/form data or focus term | Autobiographies. |
| Source of term | lcgft. |
| 776 08 - ADDITIONAL PHYSICAL FORM ENTRY | |
| Display text | Online version: |
| Main entry heading | Garten, Ina. |
| Title | Be ready when the luck happens |
| Place, publisher, and date of publication | New York : Crown Publishing, an imprint of the Crown Publishing Group, a division of Penguin Random House LLC, [2024] |
| International Standard Book Number | 9780593799802 |
| Record control number | (DLC) 2024007071. |
| 942 ## - ADDED ENTRY ELEMENTS (KOHA) | |
| Source of classification or shelving scheme | Dewey Decimal Classification |
| Koha item type | BOOK |
| Withdrawn status | Lost status | Source of classification or shelving scheme | Damaged status | Not for loan | Collection code | Home library | Current library | Shelving location | Date acquired | Source of acquisition | Total Checkouts | Total Renewals | Full call number | Barcode | Date last seen | Date checked out | Cost, replacement price | Price effective from | Koha item type |
|---|---|---|---|---|---|---|---|---|---|---|---|---|---|---|---|---|---|---|---|
| Dewey Decimal Classification | General NonFiction | Wasatch County Library | Wasatch County Library | Second Floor | 12/20/2024 | Micromarketing | 3 | 3 | 92 Garten | 34301002087791 | 04/23/2025 | 03/07/2025 | 36.00 | 12/20/2024 | BOOK |
